000 00924nas a2200265 4500
001 BR0704538
003 BR-BrBNA
005 20231205111125.0
007 ta
008 230509b bl.|||p| |||| 00| 00por d
040 _aBR-BrBNA
_bpor
_cBiblioteca Nacional de Agricultura
041 _a(Pt)
072 _aH10
100 1 _aBoiça Júnior, A.L.
100 1 _aLara, F.M.
100 1 _aBellodi, M.P.
245 1 _aInfluência de variedades de cana-de-açúcar, incorporando em dieta artificial, no desenvolvimento de diatraea saccharalis (Fabr.)e no seu parasitismo por cotesia flavipes (Cam.)
650 _aCONTROLE BIOLÓGICO
650 _aVARIEDADE RESISTENTE
650 _aCANA DE AÇÚCAR
650 _aBROCA
773 0 _tAnais da Sociedade Entomológica do Brasil (Brazil)
_xISSN 0301-8059
_g(Dec 1997), v. 26(3) p. 537-542
_wBR0704538
909 _a202311
_bLúcia
_c55
_dLúcia Elande
942 _2AGRIS
_n0
_cANA
999 _c190804
_d190804